00470nam a22001457a 450000500170000002000220001708200160003924500530005526000280010830000090013670000320014594200120017799900190018995201160020820260225155355.0 a978-93-6224-065-1 a639.31SHA/F aFreshwater Aquaculture/ced by Madhwendra Sharma a.-Newdelhib:DPHc,2025 a236p aSharma,Madhwendra ed910973 2ddccBK c757044d757044 00102ddc4070aAQUbAQUcGENd2026-02-18eABD/9l0o639.31SHA/FpAQU6619r2026-02-25 10:24:37w2026-02-25yBK